Регионална библиотека "Любен Каравелов" - Русе

Енциклопедия на гората (Запис номер 96569)

MARC детайли
000 -Лидер
Контролно поле с фиксирана дължина 01319nam a2200349 c 4500
003 - Код на организацията, давaща контролен номер
Контролно поле BLK
005 - Дата и час на последна редакция
Контролно поле 20241101104709.0
008 - Елементи от данни с фиксирана дължина
fixed length control field 180409b bul|||||r ||||||| ||bul||
010 ## - Наследен системен номер
LC control number KNG00101469000
020 ## - Международен стандартен номер на книга ISBN
Международен стандартен номер на книга ISBN 954-657-419-8
-- издат.: ПАН
040 ## - Източник на каталожния запис
Идентификатор на билиотеката - собственик на записа BLK
041 ## - Код за език
Код за езика на текст/звукозапис или на отделно заглавие Български
Код за езика КДБФ Български
080 ## - УДК
Текстов определител УДК Горско стопанство. Лесовъдство
УДК код - определител по УДК 630
УДК определител (035)
УДК - код + определител 630(035)
100 1# - Редна дума - Автор
Автор Пимон, Мари-Рьоне
Авторска отговорност първи автор
R(LIN) 368529
139 ## - Редно поле
Редна дума Пимон, Мари-Рьоне
Авторски знак Пил - П 52
245 10 - Сведения за заглавието
Заглавие Енциклопедия на гората
Редно поле (дума) Мари-Рьоне Пимон; състав. Емили Бомон; ил. Мари-Кристин Льомайор; ил. Бернар Алюни.
257 ## - Страна на издаване
Страна на създаване/издаване Франция
260 ## - Област на издателските данни
-- София
Име на издателя, разпространителя и проч. ПАН
Година на издаване 2002
300 ## - Физическа характеристика
Страници 124 с.
Илюстрации и др. с ил.
Размери/Мащаб 22 см
380 ## - Жанр
Жанр Селско стопанство
490 1# - СЕРИИ (Колекции)
Име на серия Картинна енциклопедия
650 #4 - Допълнително описание по предмет – тема
Основно описание – тема или топоним Гори
9 (RLIN) 152269
700 ## - Други автори (авторска отговорност)
Лично име Бомон, Емили
9 (RLIN) 368530
700 1# - Други автори (авторска отговорност)
Лично име Льомайор, Мари-Кристин
Автороска отговорност (Описва отношението между автора и произведението) ил.
9 (RLIN) 90120
700 1# - Други автори (авторска отговорност)
Лично име Алюни, Бернар
Автороска отговорност (Описва отношението между автора и произведението) ил.
9 (RLIN) 31023
852 ## - Местоположение
Форматна сигнатура Цб 211579
856 4# - Електронен адрес и достъп
Електронен формат pdf - файл
Път до файла /url/
856 4# - Електронен адрес и достъп
Електронен формат pdf - файл
Път до файла /url/
942 ## - АРТИКУЛИ
Вид на библиотечния материал Книги
Скрит в OPAC Не
Koha issues (borrowed), all copies 13
944 ## - СЪЗДАВАНЕ И РЕДАКЦИЯ на ЗАПИСА
Създаване/Редакция Създаване
Дата на регистрацията/редакция 01.01.2002
Служител, извършил регистрацията/редакцията 30537
Статус, дата на статуса Грета Цуфелде
944 ## - СЪЗДАВАНЕ И РЕДАКЦИЯ на ЗАПИСА
Създаване/Редакция Редакция
Дата на регистрацията/редакция 15.01.2003
Служител, извършил регистрацията/редакцията
999 ## - СИСТЕМНИ КОНТРОЛНИ НОМЕРА
Koha biblionumber 96569
Koha biblioitemnumber 96569
Наличности
Код за отписване Код за изгубен артикул Източник на класификационната схема Код за повреда Коз за рестрикции Код за отдаване Артикулен № Име на библиотеката - собственик Име на библиотеката, в която се намира в момента Статус (Текущо местоположение) Дата на вписване в системата Местоположение - отдел Цена в лева Инвентарен номер Систематично азбучна сигнатура Баркод Номер на екземпляра Цена в евро Служебна бележка Служебен тип на артикула
  Не е изгубен Universal Decimal Classification Не е повреден без рестрикции заемане за дома 154973 Регионална библиотека "Любен Каравелов" Русе Регионална библиотека "Любен Каравелов" Русе Детски отдел 2002-05-21 Детски отдел 14.90 120000670032 Д 63/П 52 120000670032 1 7.62 Дост: Pk Вид: Ф N: 15 Дата: 20.05.2002 Дата инв: 21.08.2015 Бележки инв: Д2015 Книги
Vip Innovations Ltd, Rousse, Bulgaria 2025